Statistics for Top 20 Players ever to put on a Warriors jersey

Click here to take the quiz!

General Stats

  • This quiz has been taken 6 times
  • The average score is 7 of 20

Answer Stats

RankPlayer% Correct
9Draymond Green
100%
1Steph Curry
100%
2Wilt Chamberlain
100%
3Kevin Durant
80%
13Chris Mullin
60%
7Paul Arizin
60%
4Rick Barry
60%
11Chris Webber
40%
16Tim Hardaway
40%
12Jerry Lucas
20%
5Nate Thurmond
20%
18Baron Davis
0%
8Bernard King
0%
17Gilbert Arenas
0%
19Jamaal Wilkes
0%
15Joe Fulks
0%
20Mark Price
0%
14Mitch Richmond
0%
6Neil Johnston
0%
10Robert Parish
0%

Score Distribution

Percentile by Number Answered

Percent of People with Each Score

Your Score History

You have not taken this quiz